header

Join The Rebels (Record no. 261322)

MARC details
000 -LEADER
fixed length control field 00235nam a22001097a 4500
020 ## - INTERNATIONAL STANDARD BOOK NUMBER
ISBN 9780756663131
100 ## - MAIN ENTRY--AUTHOR NAME
Personal name Catherine Saunders
245 ## - TITLE STATEMENT
Title Join The Rebels
260 ## - PUBLICATION, DISTRIBUTION, ETC. (IMPRINT)
Place of publication U S A
Name of publisher DK Publishing
Year of publication 2010
300 ## - PHYSICAL DESCRIPTION
Number of Pages 31
942 ## - ADDED ENTRY ELEMENTS (KOHA)
Koha item type Long Loan Books
Holdings
Withdrawn status Lost status Collection code Home library Current library Shelving location Date acquired Accession Number Koha item type
    Fiction Rongo University Library Rongo University Library Children's Area 02/11/2023 CL20222445 Long Loan Books

© 2026 Rongo University
Contact us: librarian | system librarian | Rongo university